Biblioteka Instytutu Północnego w Olsztynie

Widok standardowy Widok MARC

Pozycja Personal Name

Liczba rekordów, w których użyto hasła: 1

001 - Numer kontrolny

  • control field: 40095

003 - Identyfikator numeru kontrolnego

  • control field: NUKAT

005 - Data i czas ostatniej modyfikacji

  • control field: 20260415133954.0

008 - Dane kontrolne kodowane (40 znaków)

  • fixed length control field: 970226n||a|znnaabn |a aaa |c

010 ## - Numer kontrolny Biblioteki Kongresu

  • numer kontrolny LC: n 97013125

040 ## - Instytucja sporządzająca rekord

  • inst. przygot. dane do rek. khw: KR U/MZ
  • język haseł przedmiotowych/tezaurus: kaba
  • inst. wprow. rek. khw: KR U/MZ
  • inst. modyf. rek. khw: KR U/AChs

100 1# - Hasło - nazwa osobowa

  • nazwa osobowa w formie ujednoliconej: Sabbat, Kazimierz
  • daty biograficzne: (1913-1989).

410 1# - Trop zob. - nazwa ciała zbiorowego

  • nazwa ciała zbior. lub geogr. na pocz.: Sabbat, Kazimierz Aleksander.

670 ## - Źródło informacji

  • źródło informacji: EPop. - 1995.

670 ## - Źródło informacji

  • źródło informacji: Kp. W walce o Polskę wolną, niepodległą i demokratyczną / Kazimierz Sabbat. - Londyn, 1976.

670 ## - Źródło informacji

  • źródło informacji: Szlakiem harcerskiej młodości Kazimierza Aleksandra Sabbata / Janusz Krężel. - [Tarnów], [1992].
Biblioteka Instytutu Północnego, ul. Partyzantów 87, 10-402 Olsztyn, email: biblioteka(at)ip.olsztyn.pl